Central Library OPAC University of Rajshahi

Data communications computer networks and open systems / (Record no. 65923)

MARC details
000 -LEADER
fixed length control field 00733nam a2200241 a 4500
001 - CONTROL NUMBER
control field 65923
003 - CONTROL NUMBER IDENTIFIER
rucl marc code BD-RjUL
005 - DATE AND TIME OF LATEST TRANSACTION
control field 20211209081501.0
008 - FIXED-LENGTH DATA ELEMENTS--GENERAL INFORMATION
fixed length control field 170313r20012005enkac b 011 0deng
035 ## - SYSTEM CONTROL NUMBER
System control number (BD-RjUL)66053
040 ## - CATALOGING SOURCE
Modifying agency UPvMRC
Original cataloging agency BD-RjUL
Language of cataloging eng
Transcribing agency BD-RjUL
041 ## - LANGUAGE CODE
Language code of text/sound track or separate title eng
082 ## - DEWEY DECIMAL CLASSIFICATION NUMBER
Classification number 001.64404
Author mark and year HAD 2005
Edition number 23
100 1# - MAIN ENTRY--PERSONAL NAME
Personal name Hallsall, F
9 (RLIN) 194946
245 10 - TITLE STATEMENT
Title Data communications computer networks and open systems /
Statement of responsibility, etc. F Hallsall
250 ## - EDITION STATEMENT
Edition statement 4th ed.
260 ## - PUBLICATION, DISTRIBUTION, ETC. (IMPRINT)
Place of publication, distribution, etc. Delhi :
Name of publisher, distributor, etc. Pearson,
Date of publication, distribution, etc. c2000, [Tenth Indian imprint 2005 ]
300 ## - PHYSICAL DESCRIPTION
Pagination 915 p. :
Illustrations ill. ;
Size 24 cm.
500 ## - GENERAL NOTE
General note Includes index.
650 ## - SUBJECT ADDED ENTRY--TOPICAL TERM
Topical term or geographic name as entry element Computer Network -- Management.
9 (RLIN) 194947
Topical term or geographic name as entry element Data Transmission -- System.
9 (RLIN) 194948
942 ## - ADDED ENTRY ELEMENTS (KOHA)
Source of classification or shelving scheme Dewey Decimal Classification
Koha item type Books
Holdings
Lost status Source of classification or shelving scheme Damaged status Not for loan Collection code Permanent Location Current Location Shelving location Date acquired Source of acquisition Cost, normal purchase price Total Checkouts Full call number Date last seen Copy number Koha item type
  Dewey Decimal Classification   Not For Loan Non-fiction Central Library, University of Rajshahi Central Library, University of Rajshahi Reading Room 16/08/2007 Paragogn Enterprise, Dhaka 250.00   004.6 HAD 2005 13/03/2017 C-1 Books